Шаблон для орнамента из мрамора в нишах собора

Доступно только в Электронных читальных залах Найти на картеНа карте
RUSMARC
00003706nmc2a22000003x 450
0011c4248e7-0cfb-4c5f-87d1-15b237fd34bd
00520190430122644.0
100##$a20180918l18471847k l0rusy0189 ca
1010#$arus
102##$aRU
2001#$aШаблон для орнамента из мрамора в нишах собора
$j1847 г.
251##$cДело
300##$aПостроение Исаакиевского собора. Рисунки скульптурных украшений и части утвари Исаакиевского собора (время построения собора)
801#0$aRU
$bРГИА
$c20180918
$gRCR
801#1$aRU
$bГлавНИВЦ
$c20180918
$2rusmarc
801#2$aRU
$bПБ им. Б.Н. Ельцина
$c20190430
$gRCR
$2rusmarc
850##$aРГИА
852##$aРГИА
$eФедеральное казенное учреждение "Российский государственный исторический архив" (РГИА)
$j434
937##$hРГИА
$d12266650
$aASBIBLIO_SCAN
462#0$1001900f56e9-7b99-4449-85b3-59c9d748bc9c
$12001
$a1820-1913 гг.
$1251
$cОпись
$1852
$j2
461#0$100125a8a0c1-b62b-4a3b-b883-4264dbd1873b
$12001
$aКабинет архитектора Монферрана (коллекция)
$1251
$cФонд
$1852
$j502
215##$a1 л.
$cрис.
$d28х172 см
371##$aДокумент не является опубликованным и широко распространяемым
105##$aa###
1222#$ad
035##$a1c4248e7-0cfb-4c5f-87d1-15b237fd34bd
856##$uhttp://readingroom.main.prlib.ru/item.aspx?id_node=n129140326&mode=full
Формат отображения